| 000 | 01485nam a2200373 i 4500 | ||
|---|---|---|---|
| 001 | bg | ||
| 003 | KOSZ 005 | ||
| 005 | 20200630132827.0 | ||
| 008 | 070620s1966 pl a f f 001 0 pol | ||
| 015 | _aPB 1966/6586 | ||
| 040 |
_aWA N _cKOSZ 005/HR _dKOSZ 005/HR |
||
| 041 | 1 |
_apol _hrus |
|
| 080 | _a51 | ||
| 080 | _a(075.8) | ||
| 100 | 1 |
_aSmirnov, Vladimir Ivanovič _d(1887-1974). _eAutor |
|
| 245 | 1 | 0 |
_aMatematyka wyższa. _nT. 2, _pRównania różniczkowe zwyczajne, całki wielokrotne, geometria różniczkowa, wstęp do równań fizyki matematycznej / _cW. I. Smirnow ; [tł. R. Gutowski et al.]. |
| 246 | 1 |
_iTyt. oryg.: _aKurs vysšej matematiki. |
|
| 246 | 3 | 0 | _aRównania różniczkowe zwyczajne, całki wielokrotne, geometria różniczkowa, wstęp do równań fizyki matematycznej. |
| 250 | _aWyd. 3. | ||
| 260 |
_aWarszawa : _bPaństwowe Wydawnictwo Naukowe, _c1966. |
||
| 300 |
_a616 s. : _bil. ; _c25 cm. |
||
| 380 | _aKsiążki. | ||
| 500 | _aTł. uzup. z wyd. 1957 r. | ||
| 504 | _aIndeks. | ||
| 655 | _aPodręczniki akademickie | ||
| 650 | 4 | _aRównania różniczkowe | |
| 650 | 4 | _aFizyka matematyczna | |
| 650 | 4 | _aRachunek całkowy | |
| 650 | 4 | _aGeometria różniczkowa | |
| 700 | 1 |
_aGutowski, Roman _d(1926-2001). _eTł. |
|
| 710 | 2 |
_aPaństwowe Wydawnictwo Naukowe _4pbl. |
|
| 856 |
_uhttp://koha.tu.koszalin.pl/cgi-bin/koha/opac-detail.pl?biblionumber=12959 _yKatalog online BPK |
||
| 942 |
_2UKD _cKS |
||
| 999 |
_c12959 _d12959 |
||